Varieties of personality theory / (Record no. 1034)

MARC details
000 -LEADER
fixed length control field 00538nam a2200169 4500
001 - CONTROL NUMBER
control field 1403
005 - DATE AND TIME OF LATEST TRANSACTION
control field 20181127163237.0
008 - FIXED-LENGTH DATA ELEMENTS--GENERAL INFORMATION
fixed length control field 720320s1964 nyu b 000 0 eng
010 ## - LIBRARY OF CONGRESS CONTROL NUMBER
LC control number 64-55778
100 1# - MAIN ENTRY--PERSONAL NAME
Personal name Ruitenbeek, Hendrik Marinus,
Dates associated with a name 1928-
Relator term ed.
245 10 - TITLE STATEMENT
Title Varieties of personality theory /
Statement of responsibility, etc. edited and with an introdution by Hendrik M. Ruitenbeek.
260 ## - PUBLICATION, DISTRIBUTION, ETC.
Place of publication, distribution, etc. New York :
Name of publisher, distributor, etc. Dutton,
Date of publication, distribution, etc. 1964.
300 ## - PHYSICAL DESCRIPTION
Extent xvii, 359 p. ;
Dimensions 19 cm.
500 ## - GENERAL NOTE
General note "A Dutton paperback original"
504 ## - BIBLIOGRAPHY, ETC. NOTE
Bibliography, etc. note Includes bibliographies.
650 #0 - SUBJECT ADDED ENTRY--TOPICAL TERM
Topical term or geographic name entry element Personality.
Holdings
Withdrawn status Lost status Source of classification or shelving scheme Damaged status Not for loan Collection code Home library Current library Shelving location Serial Enumeration / chronology Inventory number Total Checkouts Full call number Barcode Date last seen Price effective from Koha item type
    Dewey Decimal Classification     Main TEST RTC Library RTC Library Main opac 1458   155.2 RUI 30005035 27/11/2018 27/11/2018 Main
Royal Thimphu College || All Right Reserved